| 000 | 00799nam a2200265 a 4500 | ||
|---|---|---|---|
| 003 | AR-BaBNM | ||
| 005 | 20251128204813.0 | ||
| 008 | 082120s2002 ||||||||||||||000 | spa|| | ||
| 020 | _a84-85748-47-6 | ||
| 040 | _cAR-BaBNM | ||
| 245 | 0 | 0 |
_aDiccionario enciclopédico profesional de finanzas y banca _n3 |
| 250 | _a1ª ed. | ||
| 260 |
_aMadrid _bInstituto Superior de Técnicas y Prácticas Bancarias _c1992 |
||
| 300 |
_a815 p. _bil., gráfs., tablas |
||
| 500 | _aEl tomo 3 incluye las palabras comprendidas entre las letras N y Z | ||
| 650 | 4 | _aBANCOS | |
| 650 | 4 | _aDICCIONARIOS | |
| 650 | 4 | _aLEXICOGRAFIA | |
| 650 | 4 | _aVOCABULARIO | |
| 650 | 4 | _aFINANZAS | |
| 653 | _aSISTEMA BANCARIO | ||
| 700 | 1 |
_aRobles Elez-Villarroel, Juan Fernando _edirector |
|
| 942 | _cBK | ||
| 998 | _cMARTIN | ||
| 999 |
_c8891 _d8891 |
||